| 000 | 00952nac a22002771u 4500 | ||
|---|---|---|---|
| 003 | EG-ScBUE | ||
| 005 | 20220320100318.0 | ||
| 008 | 200219s1989 ua f 000 d eng d | ||
| 020 | _a9771045105 | ||
| 040 |
_aEG-ScBUE _beng _erda _cEG-ScBUE _dEG-ScBUE |
||
| 082 | 0 | 4 |
_a892.72041 _bHAK _222 |
| 100 | 1 |
_aḤakīm, Tawfīq, _d1898-1987, _eauthor. |
|
| 245 | 1 | 4 |
_aThe people of the cave : _bAhl al-kahf / _cTawfiq al-Hakim ; translated by Mahmoud El Lozy. |
| 264 | 1 |
_aCairo : _bElias Modern Publishing House & CO., _c1989. |
|
| 300 |
_a121 pages ; _c19 cm |
||
| 336 |
_2rdacontent _atext _btxt |
||
| 337 |
_2rdamedia _aunmediated _bn |
||
| 338 |
_2rdacarrier _avolume _bnc |
||
| 546 | _aText in English ; translated from the original Arabic. | ||
| 650 | 7 |
_aArabic drama _zEgypt. _2BUEsh |
|
| 651 | _2BUEsh | ||
| 653 |
_bARALIT _cMarch2022 |
||
| 655 |
_vReading book _934232 |
||
| 700 | 1 |
_aEl Lozy, Mahmoud, _etranslator. |
|
| 942 |
_cBB _k892.72041 HAK _2ddc |
||
| 999 |
_c6037 _d6037 |
||